000 00246nam a22001097a 4500
003 OSt
005 20250908143316.0
008 250908b |||||||| |||| 00| 0 eng d
040 _c
245 _aGATE Mechanical/Aerospace
_cGATE
942 _2ddc
_cBK
_n0
999 _c36247
_d36247